00571nam a2200133 a 450000100100000000500170001000800410002704000250006808200080009311001210010124501080022226000800033030000270041000002892920200930055226.0110412s1999 dr a 000 0 spa d aDO-SdBNPbspacBNPHU axxx0 aPontificia Universidad Católica Madre y Maestra (PUCMM)bProyecto para el apoyo a Iniciativas Democráticas (PID)10a7 años de compromiso con la democracia 92-99 :bProyecto para el apoyo a iniciativas democráticas/. aSanto Domingo :bPontificia Universidad Católica Madre y Maestra ,c1999. a67 p. :bil. ;c28 cm.